| 000 | 00892cam a22002893a 4500 | ||
|---|---|---|---|
| 001 | 2881 | ||
| 003 | PGUSA | ||
| 005 | 20140828083022.0 | ||
| 008 | 011001s2001||||xxu|||||s|||||000 | eng d | ||
| 040 |
_aPGUSA _beng |
||
| 042 | _adc | ||
| 050 | 4 | _aBM | |
| 100 | 1 |
_aGinzberg, Louis, _d1873-1953 |
|
| 245 | 1 | 4 |
_aThe Legends of the Jews — Volume 3 _h[electronic resource] / _cLouis Ginzberg |
| 260 |
_bProject Gutenberg, _c2001 |
||
| 500 | _aVolume 3: From the exodus to the death of Moses | ||
| 506 | _aPublic domain in the USA. | ||
| 516 | _aElectronic text | ||
| 653 | _aMidrash -- Translations into English | ||
| 653 | _aBible. Old Testament -- Legends | ||
| 653 | _aJewish legends | ||
| 653 | _aAggada -- Translations into English | ||
| 700 | 1 |
_aRadin, Paul, _d1883-1959 |
|
| 830 | 0 |
_aProject Gutenberg _v2881 |
|
| 856 | 4 | 0 | _uhttp://www.gutenberg.org/ebooks/2881 |
| 942 | _cEB | ||
| 999 |
_c232211 _d232211 |
||